埼玉県の駅名一覧 - Statistics

General Stats
  • This quiz has been taken 80 times
  • The average score is 160 of 252
Answer Stats
Hint Answer % Correct
JA26 | JK47 | NS01 | TD01 大宮
100%
JK39 川口
98%
JK43 浦和
97%
JK46 さいたま新都心
97%
JK41
95%
JK42 | JM25 南浦和
95%
JK40 西川口
94%
JK44 北浦和
94%
JK45 与野
94%
熊谷
94%
本庄
94%
川越
94%
TS21 越谷
94%
JM17 三郷
90%
JM24 東浦和
90%
JA21 | JM26 武蔵浦和
90%
JM27 西浦和
90%
JM28 北朝霞
89%
久喜
89%
JA19 戸田
89%
TS16 草加
89%
TJ12 朝霞
89%
JM21 越谷レイクタウン
87%
JM22 南越谷
87%
鴻巣
87%
本庄早稲田
87%
JM23 | SR25 東川口
86%
上尾
86%
北本
86%
TJ11 和光市
86%
東大宮
84%
深谷
84%
JA25 北与野
84%
TD10 | TS27 春日部
84%
TS30 東武動物公園
84%
SI17 | SS22 所沢
84%
JM20 吉川
83%
桶川
83%
JA18 戸田公園
83%
TJ13 朝霞台
83%
TX08 八潮
83%
JM29 新座
81%
越生
81%
TJ26 坂戸
81%
JM18 新三郷
79%
白岡
79%
栗橋
79%
北鴻巣
79%
行田
79%
籠原
79%
JA23 南与野
79%
小川町
79%
TD02 北大宮
79%
SR26 浦和美園
79%
蓮田
78%
宮原
78%
北上尾
78%
JA20 北戸田
78%
JA24 与野本町
78%
西大宮
78%
TS20 新越谷
78%
SI26 飯能
78%
SI28 高麗
78%
NS02 鉄道博物館
78%
JM19 吉川美南
76%
JA22 中浦和
76%
高麗川
76%
寄居
76%
TN03 南栗橋
76%
TJ14 志木
76%
TJ22 川越市
76%
TJ29 東松山
76%
SI36 西武秩父
76%
JM30 東所沢
75%
TS28 北春日部
75%
TJ18 ふじみ野
75%
TJ30 森林公園
75%
土呂
73%
日進
73%
TS22 北越谷
73%
SS29 本川越
73%
CR24 長瀞
73%
CR30 秩父
73%
TI05 加須
71%
CR01 | TI07 羽生
71%
TN02 幸手
71%
TD06 岩槻
71%
SR22 鳩ヶ谷
71%
TX09 三郷中央
71%
吹上
70%
神保原
70%
西川越
70%
東飯能
70%
TS24 せんげん台
70%
SI41 | SY03 西武球場前
70%
SS26 狭山市
70%
新白岡
68%
東鷲宮
68%
指扇
68%
TS17 獨協大学前
68%
TD03 大宮公園
68%
TJ19 上福岡
68%
TJ24 鶴ヶ島
68%
SI18 西所沢
68%
SS23 航空公園
68%
CR37 三峰口
68%
南古谷
67%
NS13 内宿
67%
SI19 小手指
65%
SI23 入間市
65%
岡部
63%
TJ27 北坂戸
63%
SI31 吾野
63%
CR31 御花畑
63%
TJ32 武蔵嵐山
62%
SR21 南鳩ヶ谷
62%
TS15 谷塚
60%
TN01 杉戸高野台
60%
TJ15 柳瀬川
60%
TJ23 霞ケ関
60%
SI35 横瀬
60%
SS24 新所沢
60%
SR20 川口元郷
60%
NS11 伊奈中央
59%
TJ17 鶴瀬
57%
TJ28 高坂
57%
TJ35 みなみ寄居
57%
TJ36 男衾
57%
SI40 下山口
57%
SS28 南大塚
57%
CR06 行田市
57%
TI03 鷲宮
56%
TN05 新古河
56%
TD07 東岩槻
56%
TJ25 若葉
56%
TJ31 つきのわ
56%
SI22 稲荷山公園
56%
SS27 新狭山
56%
児玉
54%
TD11 藤の牛島
54%
SI20 狭山ヶ丘
54%
SI30 東吾野
54%
SI32 西吾野
54%
金子
52%
TJ16 みずほ台
52%
SI33 正丸
52%
TJ20 新河岸
51%
SY02 西武園ゆうえんち
51%
毛呂
49%
TS18 新田
49%
TS19 蒲生
49%
TD05 七里
49%
TJ34 東武竹沢
49%
SR24 戸塚安行
49%
TS23 大袋
48%
TS26 一ノ割
48%
TS29 姫宮
48%
TI06 南羽生
48%
SI34 芦ヶ久保
48%
武蔵高萩
46%
TI01 和戸
46%
TI04 花崎
46%
TN06 柳生
46%
TD04 大和田
46%
SI29 武蔵横手
46%
CR08 ソシオ流通センター
46%
CR17 ふかや花園
46%
SR23 新井宿
46%
竹沢
44%
TD12 南桜井
44%
TJ38 玉淀
44%
SS25 入曽
44%
CR18 小前田
44%
TS25 武里
43%
SI21 武蔵藤沢
43%
SI24 仏子
43%
的場
41%
TJ44 武州長瀬
41%
SI25 元加治
41%
CR02 西羽生
41%
CR10 上熊谷
41%
NS04 東宮原
41%
TJ37 鉢形
40%
TJ41 一本松
40%
TJ46 武州唐沢
40%
CR28 和銅黒谷
40%
NS07 原市
40%
用土
38%
丹荘
38%
TD08 豊春
38%
TD09 八木崎
38%
TJ45 東毛呂
38%
笠幡
37%
CR27 皆野
37%
CR32 影森
37%
NS03 加茂宮
37%
CR25 上長瀞
35%
NS09 丸山
35%
明覚
33%
折原
33%
松久
32%
TJ42 西大家
32%
TJ43 川角
32%
CR04 武州荒木
32%
CR12 ひろせ野鳥の森
32%
NS05 今羽
32%
CR19 桜沢
30%
CR34 武州中川
30%
CR35 武州日野
30%
CR36 白久
30%
NS12 羽貫
30%
CR11 石原
29%
NS06 吉野原
27%
CR05 東行田
25%
CR22 樋口
25%
CR26 親鼻
25%
CR29 大野原
25%
NS08 沼南
25%
CR15 武川
24%
CR21 波久礼
24%
CR23 野上
24%
CR33 浦山口
22%
NS10 志久
22%
CR07 持田
21%
CR03 新郷
19%
CR16 永田
14%
CR13 大麻生
13%
CR14 明戸
10%
No matching quizzes found
Score Distribution
Percent of People with Each Score
Percentile by Number Answered
Your Score History
You have not taken this quiz